Institution Building: A Source Book, Rev. ed,/ (Record no. 2890)
[ view plain ]
| 000 -LEADER | |
|---|---|
| fixed length control field | 00396nam a2200145 a 4500 |
| 005 - DATE AND TIME OF LATEST TRANSACTION | |
| control field | 20260112063257.0 |
| 020 ## - INTERNATIONAL STANDARD BOOK NUMBER | |
| International Standard Book Number | 9780803902558 |
| 039 #9 - LEVEL OF BIBLIOGRAPHIC CONTROL AND CODING DETAIL [OBSOLETE] | |
| -- | 201006150206 |
| -- | staff |
| 100 ## - MAIN ENTRY--PERSONAL NAME | |
| Personal name | Blasé, Merlvin G |
| 245 ## - TITLE STATEMENT | |
| Title | Institution Building: A Source Book, Rev. ed,/ |
| Statement of responsibility, etc. | Blasé, Merlvin G |
| 260 ## - PUBLICATION, DISTRIBUTION, ETC. | |
| Name of publisher, distributor, etc. | SAGE, |
| Date of publication, distribution, etc. | 1991 |
| 991 ## - | |
| -- | VIRTUA40 |
| 991 ## - | |
| -- | VTLSSORT0080*0200*1000*2450*2600*9991 |
| 909 ## - | |
| -- | 3165 |
No items available.